Our children's opportunities--in relation to school costs. (Record no. 21605)
[ view plain ]
| 000 -LEADER | |
|---|---|
| fixed length control field | 01042cam a22002651 4500 |
| 001 - CONTROL NUMBER | |
| control field | e 38000257 |
| 003 - CONTROL NUMBER IDENTIFIER | |
| control field | DLC |
| 005 - DATE AND TIME OF LATEST TRANSACTION | |
| control field | 20260227111227.0 |
| 008 - FIXED-LENGTH DATA ELEMENTS--GENERAL INFORMATION | |
| fixed length control field | 800211s1938 ilua 000 0 eng c |
| 010 ## - LIBRARY OF CONGRESS CONTROL NUMBER | |
| LC control number | e 38000257 |
| 035 ## - SYSTEM CONTROL NUMBER | |
| System control number | (OCoLC)5970458 |
| 040 ## - CATALOGING SOURCE | |
| Original cataloging agency | U.S. Off. of Educ. Library |
| Transcribing agency | ICSU |
| Modifying agency | DLC |
| 042 ## - AUTHENTICATION CODE | |
| Authentication code | premarc |
| 043 ## - GEOGRAPHIC AREA CODE | |
| Geographic area code | n-us-il |
| 050 00 - LIBRARY OF CONGRESS CALL NUMBER | |
| Classification number | LA267 |
| Item number | .I47 |
| 110 2# - MAIN ENTRY--CORPORATE NAME | |
| Corporate name or jurisdiction name as entry element | Illinois Education Association. |
| Subordinate unit | Department of Research and Statistics. |
| 245 10 - TITLE STATEMENT | |
| Title | Our children's opportunities--in relation to school costs. |
| 260 ## - PUBLICATION, DISTRIBUTION, ETC. | |
| Place of publication, distribution, etc. | Springfield, Ill. |
| Name of publisher, distributor, etc. | Dept. of Research, Illinois Education Association, |
| Date of publication, distribution, etc. | 1938. |
| 300 ## - PHYSICAL DESCRIPTION | |
| Extent | 1 p. l., 45 p. |
| Other physical details | incl. illus., tables, diagrs. |
| Dimensions | 23 cm. |
| 500 ## - GENERAL NOTE | |
| General note | "Study ... [of] the educational offering and environment of elementary school children in relation to the expenditure level ... [in] twenty-four small city school systems."--Foreword. |
| 650 #0 - SUBJECT ADDED ENTRY--TOPICAL TERM | |
| Topical term or geographic name entry element | Education. |
| 650 #0 - SUBJECT ADDED ENTRY--TOPICAL TERM | |
| Topical term or geographic name entry element | Education |
| Geographic subdivision | Illinois |
| General subdivision | Finance. |
| 650 #0 - SUBJECT ADDED ENTRY--TOPICAL TERM | |
| Topical term or geographic name entry element | Educational surveys. |
| 650 #0 - SUBJECT ADDED ENTRY--TOPICAL TERM | |
| Topical term or geographic name entry element | Education |
| Geographic subdivision | Illinois. |
No items available.